Airport international (Record no. 32626)

MARC details
000 -LEADER
fixed length control field 00257nam a2200109Ia 4500
082 ## - DEWEY DECIMAL CLASSIFICATION NUMBER
Classification number 82-3
Item number MOY
100 ## - MAIN ENTRY--AUTHOR NAME
Personal name Moynahan, Brian
245 #0 - TITLE STATEMENT
Title Airport international
260 ## - PUBLICATION, DISTRIBUTION, ETC. (IMPRINT)
Place of publication London
Name of publisher Pan
Year of publication 1979
942 ## - ADDED ENTRY ELEMENTS (KOHA)
Koha item type Books
Holdings
Withdrawn status Lost status Damaged status Not for loan Home library Current library Date acquired Cost, normal purchase price Full call number Accession Number Koha item type
        RRII Library RRII Library 16/12/2021 95.00 82-3 MOY 13132 Books